01329cam a2200337 i 4500001001000000003000900010005001700019008004100036020001800077040005200095043001200147082002800159100004700187245006800234264006100302300004600363336002600409337002800435338002700463500002100490610004900511650005000560650005700610651001000667653002000677655001700697710005200714942003200766999001700798952017600815016285103EG-ScBUE20230109104651.0130214s2013 enka f 001 0 eng d a9781854442789 aStDuBDSbengerdacStDuBDSdUkOxUdUkdEG-ScBUE ae-uk-en04a741.9407442574bBRO2221 aBrown, Christopher,d1948-eauthor.93792710aMaster drawings /cChristopher Brown, Ashmolean Museum, Oxford. aOxford :bAshmolean Museum, University of Oxford,c2013. a184 pages :bcolor illustrations ;c28 cm 2rdacontentatextbtxt 2rdamediaaunmediatedbn 2rdacarrieravolumebnc aIncludes index. 27aAshmolean MuseumvExhibitions.2BUEsh937923 7aDrawing, EuropeanvExhibitions.2BUEsh937924 7aDrawingzEnglandzOxfordvExhibitions.2BUEsh937925 2BUEsh bCOMAMEcMay2015 vReading book27aAshmolean Museumeauthor,eissuing body.937926 2ddck741.9407442574 BROcBB c19331d19303 00102ddc40708AlahramaMAINbMAINc2NDd2015-05-10epurchaseg230.00h436l2m44o741.9407442574 BROp000038190r2025-07-15 00:00:00s2022-02-20v287.50w2015-05-10yBB